000 01266naa a22003137a 4500
001 BR9401137
003 BR-BrBNA
005 20240918180911.0
007 ta
008 230509b bl.||||| |||| 00| 0 por d
040 _aBR-BrBNA
_bpor
_cBiblioteca Nacional de Agricultura
041 _a(Pt)
072 _aF06
090 _aF06 BR9401137
100 1 _aCoelho, R.D.
100 1 _aViccino, J.R.
100 1 _aSilva, V.M. da
111 1 _a21. Congresso Brasileiro de Engenharia Agricola1. Simposio de Engenharia Agricola do Cone Sul
_cSanta Maria, RS (Brazil)
_d27-31 Jul 1992
245 1 _aVariabilidade espacial da infiltracao de agua no solo - infiltrometro de aneis
260 3 _aSanta Maria, RS (Brasil):
_c1992.
500 _a21. Congresso Brasileiro de Engenharia Agricola e 1. Simposio de Engenharia Agricola do Cone Sul Santa Maria, RS (Brasil): 1992. v. 2A p. 406-411 (BR9401137-AM)F06
650 _aSolo
650 _aIrrigacao por Aspersao
650 _aInfiltracao
650 _aInfiltrometro
773 0 _t21. Congresso Brasileiro de Engenharia Agricola e 1. Simposio de Engenharia Agricola do Cone Sul
_wF06 BR9401137
_gSanta Maria, RS (Brasil), 1992. v. 2A p. 406-411
909 _a202404
_bLucia
_c55
_dLucia Elande
942 _cAM
_2AGRIS
999 _c322572
_d322572